[Event "DVM U20w 2023"]
[Site "Magdeburg GER"]
[Date "2023.12.28"]
[Round "3"]
[White "Fetahovic, Sarah"]
[Black "Ali, Maha"]
[Result "1-0"]
[Termination "normal"]
[Board "1.4"]
[WhiteElo "1579"]
[BlackElo "1411"]
[WhiteClock "00:27:55"]
[BlackClock "00:30:26"]
[WhiteTeam "SG Solingen"]
[BlackTeam "SC Kreuzberg"]
[PlyCount "113"]
[WhiteFideId "34601546"]
[BlackFideId "34626581"]
[EventCountry "GER"]
[EventRounds "7"]
[EventType "team-swiss"]
[EventDate "2023.12.26"]

1. e4 {[%clk 01:30:53]} {[%emt 00:00:06]} c6 {[%clk 01:30:52]} {[%emt
00:00:09]} 2. Nf3 {[%clk 01:30:56]} {[%emt 00:00:27]} d5 {[%clk 01:30:56]}
{[%emt 00:00:25]} 3. d3 {[%clk 01:30:53]} {[%emt 00:00:34]} dxe4 {[%clk
01:28:15]} {[%emt 00:03:11]} 4. dxe4 {[%clk 01:30:55]} {[%emt 00:00:29]} Qxd1+
{[%clk 01:26:40]} {[%emt 00:02:04]} 5. Kxd1 {[%clk 01:31:12]} {[%emt 00:00:13]}
Bg4 {[%clk 01:25:51]} {[%emt 00:01:18]} 6. Be2 {[%clk 01:31:01]} {[%emt
00:00:42]} Nd7 {[%clk 01:24:07]} {[%emt 00:02:14]} 7. Nbd2 {[%clk 01:29:09]}
{[%emt 00:02:22]} Ngf6 {[%clk 01:22:28]} {[%emt 00:02:08]} 8. Ne1 {[%clk
01:28:27]} {[%emt 00:01:13]} Bxe2+ {[%clk 01:17:32]} {[%emt 00:05:26]} 9. Kxe2
{[%clk 01:28:43]} {[%emt 00:00:14]} e6 {[%clk 01:15:00]} {[%emt 00:03:02]} 10.
f3 {[%clk 01:26:20]} {[%emt 00:02:53]} Bd6 {[%clk 01:13:15]} {[%emt 00:02:14]}
11. Nd3 {[%clk 01:21:09]} {[%emt 00:05:42]} Ne5 {[%clk 01:10:50]} {[%emt
00:02:55]} 12. Nxe5 {[%clk 01:15:01]} {[%emt 00:06:38]} Bxe5 {[%clk 01:10:14]}
{[%emt 00:01:04]} 13. a4 {[%clk 01:10:51]} {[%emt 00:04:41]} O-O-O {[%clk
01:03:22]} {[%emt 00:07:22]} 14. a5 {[%clk 01:02:36]} {[%emt 00:08:45]} Rd7
{[%clk 00:59:10]} {[%emt 00:04:41]} 15. Nc4 {[%clk 00:54:48]} {[%emt 00:08:19]}
Bd4 {[%clk 00:55:12]} {[%emt 00:04:28]} 16. c3 {[%clk 00:48:37]} {[%emt
00:06:42]} Bc5 {[%clk 00:50:35]} {[%emt 00:05:07]} 17. b4 {[%clk 00:48:25]}
{[%emt 00:00:41]} Be7 {[%clk 00:47:39]} {[%emt 00:03:25]} 18. Be3 {[%clk
00:33:20]} {[%emt 00:15:36]} c5 {[%clk 00:39:36]} {[%emt 00:08:34]} 19. b5
{[%clk 00:30:03]} {[%emt 00:03:47]} Rf8 {[%clk 00:30:28]} {[%emt 00:09:37]} 20.
Ra2 {[%clk 00:16:09]} {[%emt 00:14:25]} Kb8 {[%clk 00:23:52]} {[%emt 00:07:05]}
21. Rha1 {[%clk 00:08:56]} {[%emt 00:07:44]} Ng8 {[%clk 00:18:42]} {[%emt
00:05:39]} 22. Ne5 {[%clk 00:06:04]} {[%emt 00:03:23]} Rdd8 {[%clk 00:15:33]}
{[%emt 00:03:39]} 23. a6 {[%clk 00:03:33]} {[%emt 00:03:01]} f6 {[%clk
00:07:48]} {[%emt 00:08:15]} 24. Nc4 {[%clk 00:03:34]} {[%emt 00:00:30]} b6
{[%clk 00:02:28]} {[%emt 00:05:49]} 25. Bf4+ {[%clk 00:03:57]} {[%emt
00:00:07]} Kc8 {[%clk 00:02:12]} {[%emt 00:00:46]} 26. Rd2 {[%clk 00:03:27]}
{[%emt 00:00:59]} Rxd2+ {[%clk 00:02:24]} {[%emt 00:00:18]} 27. Kxd2 {[%clk
00:03:51]} {[%emt 00:00:07]} Rd8+ {[%clk 00:02:44]} {[%emt 00:00:10]} 28. Ke2
{[%clk 00:04:12]} {[%emt 00:00:09]} g5 {[%clk 00:02:06]} {[%emt 00:01:08]} 29.
Bg3 {[%clk 00:04:25]} {[%emt 00:00:17]} h5 {[%clk 00:02:07]} {[%emt 00:00:29]}
30. h3 {[%clk 00:04:40]} {[%emt 00:00:15]} f5 {[%clk 00:02:06]} {[%emt
00:00:31]} 31. Be5 {[%clk 00:01:59]} {[%emt 00:03:11]} Bf6 {[%clk 00:01:41]}
{[%emt 00:00:54]} 32. Rd1 {[%clk 00:01:45]} {[%emt 00:00:44]} Rxd1 {[%clk
00:01:02]} {[%emt 00:01:10]} 33. Kxd1 {[%clk 00:02:12]} {[%emt 00:00:03]} Bxe5
{[%clk 00:01:23]} {[%emt 00:00:10]} 34. Nxe5 {[%clk 00:02:38]} {[%emt
00:00:04]} Ne7 {[%clk 00:01:33]} {[%emt 00:00:20]} 35. Ke2 {[%clk 00:02:42]}
{[%emt 00:00:26]} Kc7 {[%clk 00:01:48]} {[%emt 00:00:15]} 36. Nf7 {[%clk
00:02:14]} {[%emt 00:00:57]} g4 {[%clk 00:02:03]} {[%emt 00:00:15]} 37. hxg4
{[%clk 00:02:27]} {[%emt 00:00:17]} hxg4 {[%clk 00:01:25]} {[%emt 00:01:08]}
38. fxg4 {[%clk 00:02:07]} {[%emt 00:00:50]} fxe4 {[%clk 00:01:18]} {[%emt
00:00:37]} 39. g5 {[%clk 00:02:25]} {[%emt 00:00:12]} Kd7 {[%clk 00:01:27]}
{[%emt 00:00:22]} 40. Ne5+ {[%clk 00:02:37]} {[%emt 00:00:17]} Ke8 {[%clk
00:01:10]} {[%emt 00:00:47]} 41. Nc6 {[%clk 00:28:07]} {[%emt 00:04:59]} Nc8
{[%clk 00:30:46]} {[%emt 00:00:55]} 42. Ke3 {[%clk 00:28:02]} {[%emt 00:00:35]}
Nd6 {[%clk 00:30:42]} {[%emt 00:00:34]} 43. Nxa7 {[%clk 00:26:11]} {[%emt
00:02:21]} Kf7 {[%clk 00:30:50]} {[%emt 00:00:22]} 44. Nc6 {[%clk 00:24:17]}
{[%emt 00:02:23]} Nxb5 {[%clk 00:29:50]} {[%emt 00:01:31]} 45. a7 {[%clk
00:24:39]} {[%emt 00:00:08]} Nxa7 {[%clk 00:29:29]} {[%emt 00:00:51]} 46. Nxa7
{[%clk 00:25:03]} {[%emt 00:00:06]} Kg6 {[%clk 00:29:47]} {[%emt 00:00:11]} 47.
Kxe4 {[%clk 00:25:18]} {[%emt 00:00:16]} Kxg5 {[%clk 00:30:10]} {[%emt
00:00:06]} 48. Ke5 {[%clk 00:25:38]} {[%emt 00:00:11]} Kg4 {[%clk 00:30:07]}
{[%emt 00:00:34]} 49. Kxe6 {[%clk 00:25:59]} {[%emt 00:00:08]} Kg3 {[%clk
00:30:25]} {[%emt 00:00:12]} 50. Kd5 {[%clk 00:26:20]} {[%emt 00:00:09]} Kxg2
{[%clk 00:30:33]} {[%emt 00:00:22]} 51. Kc6 {[%clk 00:26:42]} {[%emt 00:00:08]}
Kf3 {[%clk 00:30:56]} {[%emt 00:00:07]} 52. Kxb6 {[%clk 00:27:01]} {[%emt
00:00:10]} c4 {[%clk 00:29:51]} {[%emt 00:01:36]} 53. Kc5 {[%clk 00:27:22]}
{[%emt 00:00:09]} Ke4 {[%clk 00:30:01]} {[%emt 00:00:19]} 54. Kxc4 {[%clk
00:27:36]} {[%emt 00:00:17]} Ke5 {[%clk 00:30:14]} {[%emt 00:00:17]} 55. Kb5
{[%clk 00:27:26]} {[%emt 00:00:40]} Kd6 {[%clk 00:30:14]} {[%emt 00:00:30]} 56.
Kb6 {[%clk 00:27:40]} {[%emt 00:00:16]} Kd7 {[%clk 00:30:26]} {[%emt 00:00:18]}
57. c4 {[%clk 00:27:55]} {[%emt 00:00:15]} 1-0

[Event "DVM U20w 2023"]
[Site "Magdeburg GER"]
[Date "2023.12.28"]
[Round "3"]
[White "Wilmink, Anna"]
[Black "Sickmann, Lisa"]
[Result "1/2-1/2"]
[Termination "normal"]
[Board "2.1"]
[WhiteElo "1826"]
[BlackElo "1883"]
[WhiteClock "00:18:38"]
[BlackClock "00:01:03"]
[WhiteTeam "SK Nordhorn-Blanke"]
[BlackTeam "Lübecker SV 1873"]
[PlyCount "60"]
[WhiteFideId "16273680"]
[BlackFideId "16267818"]
[EventCountry "GER"]
[EventRounds "7"]
[EventType "team-swiss"]
[EventDate "2023.12.26"]

1. e4 {[%clk 01:30:57]} {[%emt 00:00:02]} e5 {[%clk 01:30:54]} {[%emt
00:00:07]} 2. Nf3 {[%clk 01:31:22]} {[%emt 00:00:05]} Nc6 {[%clk 01:31:21]}
{[%emt 00:00:03]} 3. d4 {[%clk 01:31:45]} {[%emt 00:00:07]} exd4 {[%clk
01:31:47]} {[%emt 00:00:04]} 4. Nxd4 {[%clk 01:32:10]} {[%emt 00:00:06]} Nf6
{[%clk 01:32:14]} {[%emt 00:00:03]} 5. Nc3 {[%clk 01:32:31]} {[%emt 00:00:08]}
Bb4 {[%clk 01:32:29]} {[%emt 00:00:15]} 6. Nxc6 {[%clk 01:32:48]} {[%emt
00:00:13]} bxc6 {[%clk 01:32:52]} {[%emt 00:00:07]} 7. Bd3 {[%clk 01:33:04]}
{[%emt 00:00:14]} d5 {[%clk 01:32:36]} {[%emt 00:00:47]} 8. exd5 {[%clk
01:33:22]} {[%emt 00:00:11]} cxd5 {[%clk 01:32:58]} {[%emt 00:00:07]} 9. O-O
{[%clk 01:33:42]} {[%emt 00:00:11]} O-O {[%clk 01:32:55]} {[%emt 00:00:34]} 10.
Bg5 {[%clk 01:34:02]} {[%emt 00:00:09]} c6 {[%clk 01:17:11]} {[%emt 00:16:14]}
11. Qf3 {[%clk 01:33:32]} {[%emt 00:01:01]} Bxc3 {[%clk 01:07:45]} {[%emt
00:09:56]} 12. bxc3 {[%clk 01:33:46]} {[%emt 00:00:16]} Qd6 {[%clk 01:07:52]}
{[%emt 00:00:22]} 13. h3 {[%clk 01:29:13]} {[%emt 00:05:03]} Re8 {[%clk
00:51:26]} {[%emt 00:16:55]} 14. Rfe1 {[%clk 01:25:35]} {[%emt 00:04:08]} Bd7
{[%clk 00:50:03]} {[%emt 00:01:54]} 15. Bf4 {[%clk 01:23:40]} {[%emt 00:02:25]}
Qc5 {[%clk 00:49:39]} {[%emt 00:00:53]} 16. Be5 {[%clk 01:19:08]} {[%emt
00:05:03]} Qe7 {[%clk 00:44:38]} {[%emt 00:05:31]} 17. Re3 {[%clk 01:12:58]}
{[%emt 00:06:40]} Ne4 {[%clk 00:42:08]} {[%emt 00:03:00]} 18. Bh2 {[%clk
01:03:23]} {[%emt 00:10:05]} f5 {[%clk 00:40:29]} {[%emt 00:02:09]} 19. c4
{[%clk 00:56:05]} {[%emt 00:07:49]} Qf6 {[%clk 00:40:14]} {[%emt 00:00:45]} 20.
Rae1 {[%clk 00:41:34]} {[%emt 00:15:01]} Rac8 {[%clk 00:33:32]} {[%emt
00:07:11]} 21. Qd1 {[%clk 00:38:07]} {[%emt 00:03:56]} d4 {[%clk 00:13:10]}
{[%emt 00:20:53]} 22. R3e2 {[%clk 00:33:42]} {[%emt 00:04:55]} Nc3 {[%clk
00:12:20]} {[%emt 00:01:20]} 23. Rxe8+ {[%clk 00:32:54]} {[%emt 00:01:18]} Rxe8
{[%clk 00:11:49]} {[%emt 00:01:01]} 24. Rxe8+ {[%clk 00:32:23]} {[%emt
00:01:01]} Bxe8 {[%clk 00:12:10]} {[%emt 00:00:08]} 25. Qe1 {[%clk 00:30:13]}
{[%emt 00:02:40]} Bd7 {[%clk 00:09:47]} {[%emt 00:02:54]} 26. Qe5 {[%clk
00:26:27]} {[%emt 00:04:17]} Qxe5 {[%clk 00:08:09]} {[%emt 00:02:07]} 27. Bxe5
{[%clk 00:26:49]} {[%emt 00:00:08]} Nxa2 {[%clk 00:08:03]} {[%emt 00:00:36]}
28. Bxd4 {[%clk 00:26:30]} {[%emt 00:00:49]} a5 {[%clk 00:07:41]} {[%emt
00:00:52]} 29. Kf1 {[%clk 00:21:33]} {[%emt 00:05:27]} Nb4 {[%clk 00:02:53]}
{[%emt 00:05:18]} 30. Ke2 {[%clk 00:18:38]} {[%emt 00:03:25]} Nxd3 {[%clk
00:01:03]} {[%emt 00:02:20]} 1/2-1/2

[Event "DVM U20w 2023"]
[Site "Magdeburg GER"]
[Date "2023.12.28"]
[Round "3"]
[White "Schmidt, Antonia"]
[Black "Garbuz, Nicole"]
[Result "0-1"]
[Termination "normal"]
[Board "2.2"]
[WhiteElo "1647"]
[BlackElo "1847"]
[WhiteClock "00:07:00"]
[BlackClock "00:01:33"]
[WhiteTeam "Lübecker SV 1873"]
[BlackTeam "SK Nordhorn-Blanke"]
[PlyCount "124"]
[WhiteFideId "16291280"]
[BlackFideId "12990701"]
[EventCountry "GER"]
[EventRounds "7"]
[EventType "team-swiss"]
[EventDate "2023.12.26"]

1. c4 {[%clk 01:30:57]} {[%emt 00:00:03]} e6 {[%clk 01:30:50]} {[%emt
00:00:11]} 2. Nc3 {[%clk 01:31:21]} {[%emt 00:00:06]} d5 {[%clk 01:31:06]}
{[%emt 00:00:14]} 3. cxd5 {[%clk 01:31:30]} {[%emt 00:00:20]} exd5 {[%clk
01:31:29]} {[%emt 00:00:07]} 4. d4 {[%clk 01:31:56]} {[%emt 00:00:05]} Nf6
{[%clk 01:30:30]} {[%emt 00:01:29]} 5. Bg5 {[%clk 01:31:09]} {[%emt 00:01:17]}
c6 {[%clk 01:29:32]} {[%emt 00:01:28]} 6. Qc2 {[%clk 01:31:03]} {[%emt
00:00:35]} Nbd7 {[%clk 01:22:38]} {[%emt 00:07:24]} 7. e3 {[%clk 01:29:01]}
{[%emt 00:02:32]} Bd6 {[%clk 01:18:07]} {[%emt 00:05:01]} 8. Bd3 {[%clk
01:27:45]} {[%emt 00:01:47]} h6 {[%clk 01:16:27]} {[%emt 00:02:10]} 9. Bh4
{[%clk 01:23:42]} {[%emt 00:04:33]} Qc7 {[%clk 01:12:45]} {[%emt 00:04:10]} 10.
Bg3 {[%clk 01:20:58]} {[%emt 00:03:16]} O-O {[%clk 01:05:14]} {[%emt 00:08:00]}
11. Nge2 {[%clk 01:18:04]} {[%emt 00:03:25]} Re8 {[%clk 01:03:45]} {[%emt
00:01:59]} 12. O-O {[%clk 01:12:26]} {[%emt 00:06:08]} Bxg3 {[%clk 00:56:00]}
{[%emt 00:08:14]} 13. Nxg3 {[%clk 01:05:22]} {[%emt 00:07:35]} Nf8 {[%clk
00:51:50]} {[%emt 00:04:38]} 14. b4 {[%clk 01:01:28]} {[%emt 00:04:25]} Bd7
{[%clk 00:44:21]} {[%emt 00:07:59]} 15. Rfc1 {[%clk 00:57:20]} {[%emt
00:04:39]} Rac8 {[%clk 00:43:55]} {[%emt 00:00:55]} 16. Rab1 {[%clk 00:52:30]}
{[%emt 00:05:20]} Qd6 {[%clk 00:36:04]} {[%emt 00:08:21]} 17. Qa4 {[%clk
00:43:29]} {[%emt 00:09:31]} a6 {[%clk 00:33:14]} {[%emt 00:03:20]} 18. Qb3
{[%clk 00:40:39]} {[%emt 00:03:20]} h5 {[%clk 00:27:49]} {[%emt 00:05:56]} 19.
Qd1 {[%clk 00:33:29]} {[%emt 00:07:40]} g6 {[%clk 00:21:42]} {[%emt 00:06:36]}
20. h3 {[%clk 00:27:04]} {[%emt 00:06:55]} Ne6 {[%clk 00:16:30]} {[%emt
00:05:42]} 21. Bf1 {[%clk 00:20:25]} {[%emt 00:07:09]} Ng5 {[%clk 00:13:57]}
{[%emt 00:03:04]} 22. Rb2 {[%clk 00:17:35]} {[%emt 00:03:19]} h4 {[%clk
00:07:14]} {[%emt 00:07:14]} 23. Nh1 {[%clk 00:17:37]} {[%emt 00:00:28]} Bf5
{[%clk 00:03:58]} {[%emt 00:03:45]} 24. f4 {[%clk 00:15:08]} {[%emt 00:03:00]}
Nge4 {[%clk 00:03:05]} {[%emt 00:01:23]} 25. Nf2 {[%clk 00:14:24]} {[%emt
00:01:14]} Ng3 {[%clk 00:02:05]} {[%emt 00:01:30]} 26. Qf3 {[%clk 00:13:58]}
{[%emt 00:00:55]} Qe7 {[%clk 00:01:32]} {[%emt 00:01:03]} 27. Re1 {[%clk
00:11:42]} {[%emt 00:02:47]} Nfe4 {[%clk 00:01:39]} {[%emt 00:00:23]} 28. Ncd1
{[%clk 00:11:27]} {[%emt 00:00:45]} Kg7 {[%clk 00:01:32]} {[%emt 00:00:37]} 29.
Nd3 {[%clk 00:11:04]} {[%emt 00:00:53]} Nxf1 {[%emt 00:00:50]} 30. Rxf1 {[%clk
00:11:09]} {[%emt 00:00:02]} Ng3 {[%clk 00:02:01]} {[%emt 00:00:03]} 31. Ne5
{[%clk 00:11:13]} {[%emt 00:00:27]} Nxf1 {[%clk 00:02:23]} {[%emt 00:00:08]}
32. Qxf1 {[%clk 00:11:34]} {[%emt 00:00:08]} Rh8 {[%clk 00:01:59]} {[%emt
00:00:55]} 33. a3 {[%clk 00:11:47]} {[%emt 00:00:17]} f6 {[%clk 00:02:11]}
{[%emt 00:00:18]} 34. Nf3 {[%clk 00:12:11]} {[%emt 00:00:05]} Be4 {[%clk
00:02:07]} {[%emt 00:00:35]} 35. Nd2 {[%clk 00:11:38]} {[%emt 00:01:03]} Rcf8
{[%clk 00:02:02]} {[%emt 00:00:35]} 36. Nf2 {[%clk 00:11:18]} {[%emt 00:00:49]}
Bf5 {[%clk 00:01:53]} {[%emt 00:00:39]} 37. Nd1 {[%clk 00:11:23]} {[%emt
00:00:26]} g5 {[%clk 00:01:30]} {[%emt 00:00:53]} 38. fxg5 {[%clk 00:10:10]}
{[%emt 00:01:43]} fxg5 {[%clk 00:01:56]} {[%emt 00:00:04]} 39. Qe2 {[%clk
00:10:18]} {[%emt 00:00:22]} Qf6 {[%clk 00:01:35]} {[%emt 00:00:49]} 40. Nf2
{[%clk 00:08:50]} {[%emt 00:02:00]} Re8 {[%clk 00:01:11]} {[%emt 00:00:53]} 41.
Nf3 {[%clk 00:08:19]} {[%emt 00:01:01]} Bc8 {[%clk 00:22:00]} {[%emt 00:09:41]}
42. Nh2 {[%clk 00:32:23]} {[%emt 00:06:27]} Re7 {[%clk 00:17:58]} {[%emt
00:04:31]} 43. Nhg4 {[%clk 00:32:20]} {[%emt 00:00:34]} Bxg4 {[%clk 00:17:34]}
{[%emt 00:00:54]} 44. Nxg4 {[%clk 00:32:48]} {[%emt 00:00:02]} Qf5 {[%clk
00:15:08]} {[%emt 00:02:51]} 45. Qd1 {[%clk 00:32:24]} {[%emt 00:00:58]} Qe4
{[%clk 00:14:02]} {[%emt 00:01:33]} 46. Rf2 {[%clk 00:32:08]} {[%emt 00:00:50]}
Rf8 {[%clk 00:13:27]} {[%emt 00:01:04]} 47. Re2 {[%clk 00:25:07]} {[%emt
00:07:32]} Rfe8 {[%clk 00:09:52]} {[%emt 00:04:04]} 48. Nf2 {[%clk 00:22:43]}
{[%emt 00:02:55]} Qf5 {[%clk 00:09:30]} {[%emt 00:00:50]} 49. Ng4 {[%clk
00:23:03]} {[%emt 00:00:12]} Qe4 {[%clk 00:07:10]} {[%emt 00:02:49]} 50. Nf2
{[%clk 00:23:09]} {[%emt 00:00:24]} Qg6 {[%clk 00:07:16]} {[%emt 00:00:24]} 51.
Ng4 {[%clk 00:23:26]} {[%emt 00:00:13]} Re4 {[%clk 00:07:09]} {[%emt 00:00:37]}
52. Rf2 {[%clk 00:20:52]} {[%emt 00:03:04]} Rxe3 {[%clk 00:04:24]} {[%emt
00:03:16]} 53. Nxe3 {[%clk 00:20:05]} {[%emt 00:01:17]} Rxe3 {[%clk 00:04:53]}
54. Qc1 {[%clk 00:20:23]} {[%emt 00:00:12]} Qe4 {[%clk 00:04:35]} {[%emt
00:00:47]} 55. Qc5 {[%clk 00:17:06]} {[%emt 00:03:48]} Qe8 {[%clk 00:03:36]}
{[%emt 00:01:27]} 56. Qd6 {[%clk 00:16:43]} {[%emt 00:00:55]} Re6 {[%clk
00:02:49]} {[%emt 00:01:17]} 57. Qc7+ {[%clk 00:16:13]} {[%emt 00:00:59]} Qe7
{[%clk 00:02:51]} {[%emt 00:00:28]} 58. Qb8 {[%clk 00:16:02]} {[%emt 00:00:42]}
Re4 {[%clk 00:02:38]} {[%emt 00:00:42]} 59. g3 {[%clk 00:12:03]} {[%emt
00:04:30]} Rxd4 {[%clk 00:02:39]} {[%emt 00:00:30]} 60. gxh4 {[%emt 00:00:39]}
Rxh4 {[%clk 00:01:59]} {[%emt 00:01:06]} 61. Qg3 {[%clk 00:11:56]} {[%emt
00:00:31]} Re4 {[%clk 00:01:40]} {[%emt 00:00:49]} 62. Rf1 {[%clk 00:07:00]}
{[%emt 00:05:26]} Qe5 {[%clk 00:01:33]} {[%emt 00:00:35]} 0-1

[Event "DVM U20w 2023"]
[Site "Magdeburg GER"]
[Date "2023.12.28"]
[Round "3"]
[White "Brunner, Sophia"]
[Black "Malinowsky, Celina"]
[Result "1/2-1/2"]
[Termination "normal"]
[Board "2.3"]
[WhiteElo "1777"]
[BlackElo "1530"]
[WhiteClock "00:01:13"]
[BlackClock "00:13:06"]
[WhiteTeam "SK Nordhorn-Blanke"]
[BlackTeam "Lübecker SV 1873"]
[PlyCount "113"]
[WhiteFideId "12960683"]
[BlackFideId "16266986"]
[EventCountry "GER"]
[EventRounds "7"]
[EventType "team-swiss"]
[EventDate "2023.12.26"]

1. d4 {[%clk 01:30:56]} {[%emt 00:00:04]} d5 {[%clk 01:30:45]} {[%emt
00:00:15]} 2. c4 {[%clk 01:30:53]} {[%emt 00:00:33]} e6 {[%clk 01:30:18]}
{[%emt 00:00:56]} 3. Nf3 {[%clk 01:30:40]} {[%emt 00:00:43]} Nf6 {[%clk
01:29:31]} {[%emt 00:01:17]} 4. Nc3 {[%clk 01:30:21]} {[%emt 00:00:49]} Be7
{[%clk 01:27:49]} {[%emt 00:02:12]} 5. cxd5 {[%clk 01:30:17]} {[%emt 00:00:35]}
exd5 {[%clk 01:27:57]} {[%emt 00:00:22]} 6. Bg5 {[%clk 01:30:10]} {[%emt
00:00:36]} c6 {[%clk 01:24:59]} {[%emt 00:03:28]} 7. e3 {[%clk 01:30:01]}
{[%emt 00:00:39]} Nbd7 {[%clk 01:22:41]} {[%emt 00:02:49]} 8. Bd3 {[%clk
01:29:41]} {[%emt 00:00:50]} O-O {[%clk 01:21:54]} {[%emt 00:01:16]} 9. O-O
{[%clk 01:29:26]} {[%emt 00:00:46]} Re8 {[%clk 01:20:28]} {[%emt 00:01:56]} 10.
Qc2 {[%clk 01:28:54]} {[%emt 00:01:01]} Nf8 {[%clk 01:19:24]} {[%emt 00:01:34]}
11. h3 {[%clk 01:28:54]} {[%emt 00:00:30]} h6 {[%clk 01:16:27]} {[%emt
00:03:28]} 12. Bh4 {[%clk 01:26:56]} {[%emt 00:02:27]} N6h7 {[%clk 01:13:49]}
{[%emt 00:03:08]} 13. Bg3 {[%clk 01:18:46]} {[%emt 00:08:40]} Ng5 14. Nxg5
{[%clk 01:16:52]} Bxg5 {[%clk 01:12:36]} {[%emt 00:00:45]} 15. b4 {[%clk
01:15:43]} {[%emt 00:01:39]} Be7 {[%clk 01:09:21]} {[%emt 00:03:46]} 16. Rab1
{[%clk 01:15:28]} {[%emt 00:00:44]} Bd6 {[%clk 01:08:50]} {[%emt 00:01:00]} 17.
Bxd6 {[%clk 01:13:48]} {[%emt 00:02:11]} Qxd6 {[%clk 01:09:18]} {[%emt
00:00:02]} 18. b5 {[%clk 01:08:00]} {[%emt 00:06:17]} Bd7 {[%clk 01:04:21]}
{[%emt 00:05:28]} 19. bxc6 {[%clk 01:01:40]} {[%emt 00:06:50]} Bxc6 {[%clk
01:02:20]} {[%emt 00:02:30]} 20. Ne2 {[%clk 00:58:27]} {[%emt 00:03:43]} Rac8
{[%clk 00:57:17]} {[%emt 00:05:33]} 21. Qd1 {[%clk 00:56:19]} {[%emt 00:02:39]}
Nd7 {[%clk 00:50:46]} {[%emt 00:07:01]} 22. Ng3 {[%clk 00:54:37]} {[%emt
00:02:11]} g6 {[%clk 00:47:21]} {[%emt 00:03:55]} 23. Re1 {[%clk 00:39:55]}
{[%emt 00:15:12]} Nf6 {[%clk 00:44:29]} {[%emt 00:03:22]} 24. Qd2 {[%clk
00:33:55]} {[%emt 00:06:30]} Kg7 {[%clk 00:39:35]} {[%emt 00:05:24]} 25. Qa5
{[%clk 00:32:37]} {[%emt 00:01:48]} a6 {[%clk 00:37:51]} {[%emt 00:02:15]} 26.
Ne2 {[%clk 00:25:54]} {[%emt 00:07:12]} Qc7 {[%clk 00:35:15]} {[%emt 00:03:07]}
27. Qb4 {[%clk 00:22:32]} {[%emt 00:03:51]} Qe7 {[%clk 00:33:53]} {[%emt
00:01:52]} 28. Qb2 {[%clk 00:18:03]} {[%emt 00:04:59]} Qd6 {[%clk 00:25:49]}
{[%emt 00:08:34]} 29. Nf4 {[%clk 00:17:06]} {[%emt 00:01:27]} Re7 {[%clk
00:23:01]} {[%emt 00:03:18]} 30. Rec1 {[%clk 00:16:28]} {[%emt 00:01:08]} Rec7
{[%clk 00:21:17]} {[%emt 00:02:14]} 31. Qb6 {[%clk 00:11:32]} {[%emt 00:05:27]}
Nd7 {[%clk 00:17:01]} {[%emt 00:04:46]} 32. Qa5 {[%emt 00:01:53]} b6 {[%clk
00:12:50]} {[%emt 00:04:32]} 33. Qd2 {[%clk 00:09:58]} {[%emt 00:00:49]} Bb7
{[%clk 00:11:39]} {[%emt 00:01:41]} 34. Rxc7 {[%clk 00:08:12]} {[%emt
00:02:16]} Rxc7 {[%clk 00:12:02]} {[%emt 00:00:07]} 35. Qe2 {[%clk 00:07:36]}
{[%emt 00:01:06]} a5 {[%clk 00:09:25]} {[%emt 00:03:08]} 36. Qb2 {[%clk
00:04:48]} {[%emt 00:03:18]} Ba8 {[%clk 00:07:01]} {[%emt 00:02:53]} 37. Be2
{[%clk 00:04:05]} {[%emt 00:01:13]} Rc8 {[%clk 00:05:27]} {[%emt 00:02:04]} 38.
Bf3 {[%clk 00:03:59]} {[%emt 00:00:36]} Rc4 {[%clk 00:04:17]} {[%emt 00:01:40]}
39. Qb5 {[%clk 00:03:32]} {[%emt 00:00:57]} Bc6 {[%clk 00:03:45]} {[%emt
00:01:02]} 40. Qb2 {[%clk 00:01:56]} {[%emt 00:02:07]} Rb4 {[%clk 00:02:24]}
{[%emt 00:01:51]} 41. Qc1 {[%clk 00:00:45]} {[%emt 00:01:41]} Rxb1 {[%clk
00:29:22]} {[%emt 00:03:32]} 42. Qxb1 {[%clk 00:30:03]} {[%emt 00:01:11]} b5
{[%clk 00:28:52]} {[%emt 00:01:01]} 43. Be2 {[%clk 00:24:38]} {[%emt 00:05:54]}
b4 {[%clk 00:27:58]} {[%emt 00:01:24]} 44. Qc2 {[%clk 00:23:25]} {[%emt
00:01:44]} Nb6 {[%clk 00:27:21]} {[%emt 00:01:06]} 45. Nd3 {[%clk 00:21:05]}
{[%emt 00:02:50]} Bb5 {[%clk 00:24:16]} {[%emt 00:03:35]} 46. Nc5 {[%clk
00:19:32]} {[%emt 00:02:03]} Bxe2 {[%clk 00:22:26]} {[%emt 00:02:20]} 47. Qxe2
{[%clk 00:19:56]} {[%emt 00:00:05]} Nc4 {[%clk 00:20:04]} {[%emt 00:02:54]} 48.
Qc2 {[%clk 00:19:21]} {[%emt 00:01:04]} Qc6 {[%clk 00:19:06]} {[%emt 00:01:28]}
49. g3 {[%clk 00:09:54]} {[%emt 00:09:57]} Kf6 {[%clk 00:15:36]} {[%emt
00:04:00]} 50. e4 {[%clk 00:08:36]} {[%emt 00:01:47]} Kg7 {[%clk 00:15:25]}
{[%emt 00:00:42]} 51. e5 {[%clk 00:07:34]} {[%emt 00:01:32]} Na3 {[%clk
00:14:40]} {[%emt 00:01:16]} 52. Qd3 {[%clk 00:04:03]} {[%emt 00:04:01]} Nb5
{[%clk 00:13:10]} 53. f4 {[%clk 00:00:58]} {[%emt 00:05:34]} Nc3 {[%clk
00:12:30]} {[%emt 00:01:11]} 54. a3 {[%clk 00:00:38]} {[%emt 00:00:51]} Qb5
{[%clk 00:12:16]} {[%emt 00:00:44]} 55. Qxb5 {[%clk 00:00:56]} {[%emt
00:00:11]} Nxb5 {[%clk 00:12:44]} 56. axb4 {[%clk 00:01:13]} {[%emt 00:00:14]}
axb4 {[%clk 00:13:06]} 57. Nb3 {[%clk 00:01:13]} 1/2-1/2